| 000 | 01000nam a2200193Ia 4500 | ||
|---|---|---|---|
| 999 |
_c9730 _d9730 |
||
| 005 | 20231012134809.0 | ||
| 008 | 231011s9999 xx 000 0 und d | ||
| 020 | _a84-283-2119-1 | ||
| 040 |
_aUPAN _cBiblioteca San Vicente _eRCAA2 |
||
| 041 | _aspa | ||
| 082 |
_a332.103 _bI59d _c1994 |
||
| 110 |
_aInstituto de Banca _4aut. |
||
| 245 | 0 |
_aDiccionario de Términos Bancarios/ _cInstituto de la banca |
|
| 260 |
_aEspaña: _bParaninfo, _c1994 |
||
| 300 |
_a171 p.; _c21 cm. |
||
| 505 | _aCon el uso de diccionarios de la lengua, no siempre se consigue la suficiente claridad. El propòsito de este Diccionario de tèrminos bancarios es precisamente contribuir a resolver este tipo de dificultades. Se ha recopilado la terminologia de uso habital en la banca, cuidando las palabras que implican nuevos conceptos, y aquellas expresiones o tèrminos que por su naturaleza, etimologia y uso en distintos medios, pueden presentarse a confunsiòn. | ||
| 650 |
_vDiccionario _xBancos |
||
| 942 |
_cBK _2ddc |
||